Statistics for Countries with the most Road Per Capita

Click here to take the quiz!

General Stats

  • This quiz has been taken 432 times
  • The average score is 19 of 30

Answer Stats

HintAnswer% Correct
0.02070 km per personUnited States
93%
0.02761 km per personCanada
91%
0.05738 km per personSweden
87%
0.03608 km per personAustralia
87%
0.08193 km per personFinland
86%
0.01732 km per personNorway
86%
0.01953 km per personNew Zealand
82%
0.01342 km per personDenmark
82%
0.03777 km per personIceland
81%
0.01947 km per personIreland
78%
0.01461 km per personSpain
78%
0.01670 km per personFrance
77%
0.01329 km per personBelgium
71%
0.04403 km per personEstonia
70%
0.03091 km per personLithuania
69%
0.03734 km per personLatvia
69%
0.01382 km per personAustria
67%
0.01566 km per personMongolia
65%
0.01220 km per personCzechia
61%
0.02182 km per personHungary
59%
0.02101 km per personSlovenia
57%
0.01265 km per personSouth Africa
55%
0.01456 km per personLibya
40%
0.01236 km per personMontenegro
39%
0.01737 km per personNamibia
39%
0.01507 km per personThailand
36%
0.01657 km per personCyprus
35%
0.01274 km per personBhutan
22%
0.02100 km per personDominica
13%
0.03426 km per personMarshall Islands
13%

Score Distribution

Percentile by Number Answered

Percent of People with Each Score

Your Score History

You have not taken this quiz